000 00306nam a2200109Ia 4500
008 200302s9999 xx 000 0 und d
100 _aKenneth Hamblin
245 _aThe Earths Dynamic Systems A Text Book in Physical Geology 5th ed.
260 _bMacmillan and Co. Ltd.
260 _c1989
300 _a576 P.,
999 _c2017
_d2017